Estructuras algebraicas III: grupos finitos
Guardat en:
| Autor principal: | |
|---|---|
| Format: | Llibre |
| Idioma: | espanyol |
| Publicat: |
Washington, D.C
Secretaría General de la Organización de los Estados Americanos
1973
|
| Edició: | 1a. ed |
| Col·lecció: | Serie Matemática. Monografía, 14
|
| Matèries: | |
| Etiquetes: |
Afegir etiqueta
Sense etiquetes, Sigues el primer a etiquetar aquest registre!
|
MARC
| LEADER | 00000cam a2200000 a 4500 | ||
|---|---|---|---|
| 001 | UCW1520 | ||
| 003 | CL-VaPUC | ||
| 008 | 920722e19730000US |||||||||||||||||spa|d | ||
| 082 | 0 | 4 | |a 512.2 |b OBR |2 21 |
| 100 | |a O'Brien, Horacio Hernán |e autor |9 305535 | ||
| 245 | 1 | 0 | |a Estructuras algebraicas III: grupos finitos |
| 250 | |a 1a. ed | ||
| 300 | |a 137 p | ||
| 942 | |c BK | ||
| 945 | |d 19920722 00:00:00 | ||
| 260 | |a Washington, D.C |b Secretaría General de la Organización de los Estados Americanos |c 1973 | ||
| 650 | 0 | |a Grupos finitos |9 270201 | |
| 583 | |a last modification |c 20170316 09:37:28 |k Rodrigo Vera | ||
| 490 | 0 | |a Serie Matemática. Monografía, 14 | |
| 999 | |c 216403 |d 216401 | ||
| 952 | |0 0 |1 0 |4 0 |6 512_200000000000000_OBR_1973 |7 0 |8 A |9 202109 |a BIBMAT |b BIBMAT |d 2019-11-14 |i 2692325 |o 512.2 OBR 1973 |p 2692325 |r 2025-01-07 |w 2019-11-14 |y BK |k MAT | ||
| 952 | |0 0 |1 0 |4 0 |6 512_200000000000000_OBR_1973 |7 0 |8 A |9 202110 |a BIBING |b BIBING |d 2019-11-14 |i 1644939 |o 512.2 OBR 1973 |p 1644939 |r 2025-01-20 |w 2019-11-14 |y BK |k EIQ | ||
| 952 | |0 0 |1 0 |4 0 |6 512_200000000000000_OBR_1973 |7 0 |8 A |9 202111 |a BIBMAT |b BIBMAT |d 2019-11-14 |i 2682966 |o 512.2 OBR 1973 |p 2682966 |r 2025-01-07 |w 2019-11-14 |y BK |k MAT | ||
| 952 | |0 0 |1 0 |4 0 |6 512_200000000000000_OBR_1973 |7 0 |8 A |9 202112 |a BIBMAT |b BIBMAT |d 2019-11-14 |i 2682974 |o 512.2 OBR 1973 |p 2682974 |r 2025-01-07 |w 2019-11-14 |y BK |k MAT | ||
| 952 | |0 0 |1 0 |4 0 |6 512_200000000000000_OBR_1973 |7 0 |8 A |9 202113 |a BIBMAT |b BIBMAT |d 2019-11-14 |i 2682990 |o 512.2 OBR 1973 |p 2682990 |r 2025-01-07 |w 2019-11-14 |y BK |k MAT | ||
| 952 | |0 0 |1 0 |3 erb |4 0 |6 512_200000000000000_OBR_1973 |7 0 |8 A |9 202114 |a BIBMAT |b BIBMAT |i 5367182 |o 512.2 OBR 1973 |p 5367182 |r 2025-01-07 |w 2019-11-14 |y BK |z Catalogado en:20170317 |k MAT | ||